Colour : art & science / (Record no. 37735)

MARC details
000 -LEADER
fixed length control field 00683nam a2200205 a 4500
008 - FIXED-LENGTH DATA ELEMENTS--GENERAL INFORMATION
fixed length control field 120416s1995 ||||||||||||||||| || u
020 ## - INTERNATIONAL STANDARD BOOK NUMBER
International Standard Book Number 0521499631
050 ## - LIBRARY OF CONGRESS CALL NUMBER
Classification number QC 495 Col
100 ## - MAIN ENTRY--PERSONAL NAME
Personal name Bourriau, Janine
245 10 - TITLE STATEMENT
Title Colour : art & science /
Statement of responsibility, etc. edited by Trevor Lamb
260 ## - PUBLICATION, DISTRIBUTION, ETC.
Place of publication, distribution, etc. Cambridge
Name of publisher, distributor, etc. Cambridge University Press
Date of publication, distribution, etc. 1995
300 ## - PHYSICAL DESCRIPTION
Extent vi, 237p. : ill.
350 ## - PRICE (NR) (BK AM CF MU VM SE) [OBSOLETE]
Price 0.00
490 ## - SERIES STATEMENT
Series statement The Darwin College lectures
500 ## - GENERAL NOTE
General note Bibliography
650 #0 - SUBJECT ADDED ENTRY--TOPICAL TERM
Topical term or geographic name entry element PHYSICS
650 ## - SUBJECT ADDED ENTRY--TOPICAL TERM
Topical term or geographic name entry element COLOUR
700 ## - ADDED ENTRY--PERSONAL NAME
Personal name Lamb, Trevor
995 ## - RECOMMENDATION 995 [LOCAL, UNIMARC FRANCE]
-- 0.00
-- CBU-MAIN LIBRARY (Kitwe)
-- 1
-- 16.95
-- 1
-- AVAILABLE
-- Annex Low-Usage Collection
Holdings
Withdrawn status Lost status Source of classification or shelving scheme Damaged status Not for loan Home library Current library Shelving location Date acquired Total Checkouts Full call number Barcode Date last seen Price effective from Koha item type
          CBU-MAIN LIBRARY, KITWE. CBU-MAIN LIBRARY, KITWE.   11/30/2022   QC 495 Col 025867 11/30/2022 11/30/2022 MONOGRAPH